| Tag |
First Indicator |
Second Indicator |
Subfields |
| LEADER |
00000cam a2200000Mi 4500 |
| 001 |
in00005477113 |
| 006 |
m o u |
| 007 |
cr |n|---uuuuu |
| 008 |
190205s2018 enk o ||| 0 eng d |
| 005 |
20240917155134.2 |
| 035 |
|
|
|a (OCoLC)on1114560679
|
| 040 |
|
|
|a UKAMD
|b eng
|c UKAMD
|d OCLCO
|d OCLCL
|
| 035 |
|
|
|a (OCoLC)1114560679
|
| 049 |
|
|
|a TXAM
|
| 100 |
1 |
|
|a Capt John Budgen, British Army,
|e author.
|
| 245 |
1 |
0 |
|a Travels in India as ADC to Sir David Baird and return through Italy
|g 1798-1802.
|
| 264 |
|
1 |
|a Marlborough, Wiltshire :
|b Adam Matthew Digital,
|c 2018.
|
| 300 |
|
|
|a 1 online resource.
|
| 336 |
|
|
|a text
|b txt
|2 rdacontent
|
| 337 |
|
|
|a computer
|b c
|2 rdamedia
|
| 338 |
|
|
|a online resource
|b cr
|2 rdacarrier
|
| 490 |
1 |
|
|a AM Scholar: Area Studies India.
|
| 500 |
|
|
|a Ms Eur A.103.
|
| 534 |
|
|
|p Reproduction of:
|t Travels in India as ADC to Sir David Baird and return through Italy
|c 1798-1802.
|
| 535 |
1 |
|
|a British Library
|
| 542 |
|
|
|f The British Library Board
|
| 588 |
0 |
|
|a Description based on online resource (viewed on February 5, 2019).
|
| 655 |
|
7 |
|a Electronic books.
|2 local
|
| 710 |
2 |
|
|a Adam Matthew Digital (Firm),
|e digitiser.
|
| 758 |
|
|
|i has work:
|a 1798-1802 Travels in India as ADC to Sir David Baird and return through Italy (Text)
|1 https://id.oclc.org/worldcat/entity/E39PCXP6DmxdPk7FCQXkb7bRdj
|4 https://id.oclc.org/worldcat/ontology/hasWork
|
| 830 |
|
0 |
|a AM Scholar: Area Studies India.
|
| 856 |
4 |
0 |
|u http://proxy.library.tamu.edu/login?url=https://www.amscholar.amdigital.co.uk/Documents/Details/IDR_Part1_Reel9_Vol2
|z Connect to the full text of this electronic book
|t 0
|
| 955 |
|
|
|a Adam Matthew Scholar Area Studies India
|
| 994 |
|
|
|a 92
|b TXA
|
| 999 |
f |
f |
|s f03d0a05-3ffd-4419-b10f-5d900c4acdd8
|i 3a55e8b5-b51c-4c05-bd2b-05d4b23300ce
|t 0
|
| 952 |
f |
f |
|a Texas A&M University
|b College Station
|c Electronic Resources
|d Available Online
|t 0
|h Library of Congress classification
|
| 998 |
f |
f |
|t 0
|l Available Online
|